Statistics for Places on a Diplomacy Board

Click here to take the quiz!

General Stats

  • This quiz has been taken 536 times
  • The average score is 37 of 75

Answers on the Map

Answers color-coded by a green-red scale on the quiz's map according to % correct below.
 

Answer Stats

CountryTerritory% Correct
NeutralSpain
92%
NeutralPortugal
91%
NeutralSweden
90%
NeutralNorway
89%
RussiaFinland
88%
SeaNorth Sea
87%
ItalyRome
87%
SeaBaltic Sea
85%
NeutralDenmark
85%
NeutralGreece
81%
SeaEnglish Channel
80%
FranceParis
79%
SeaBlack Sea
78%
NeutralHolland
78%
NeutralRumania
78%
NeutralBulgaria
77%
EnglandLondon
77%
NeutralBelgium
76%
TurkeyConstantinople
75%
RussiaMoscow
75%
NeutralAlbania
74%
NeutralSerbia
73%
RussiaUkraine
73%
GermanyBerlin
72%
SeaAdriatic Sea
71%
ItalyVenice
71%
ItalyNaples
69%
SeaAegean Sea
68%
RussiaSt. Petersburg
66%
SeaIrish Sea
64%
GermanyMunich
64%
AustriaVienna
61%
EnglandWales
61%
RussiaWarsaw
61%
EnglandEdinburgh
60%
NeutralTunis
60%
TurkeyAnkara
52%
AustriaBudapest
52%
EnglandLiverpool
48%
ItalyTuscany
45%
SeaIonian Sea
43%
SeaNorwegian Sea
42%
GermanyPrussia
41%
SeaTyrrhenian Sea
38%
SeaGulf of Bothnia
37%
AustriaBohemia
35%
TurkeySyria
33%
EnglandYorkshire
32%
TurkeyArmenia
29%
SeaNorth Atlantic Ocean
29%
FranceMarseilles
27%
GermanySilesia
27%
ItalyPiedmont
26%
AustriaTyrolia
26%
NeutralNorth Africa
25%
GermanyRuhr
24%
FranceBurgundy
23%
GermanyKiel
22%
ItalyApulia
21%
SeaSkagerrak
21%
SeaEastern Mediterranean
20%
AustriaGalicia
19%
SeaBarents Sea
18%
FranceBrest
18%
SeaWestern Mediterranean
17%
RussiaLivonia
14%
AustriaTrieste
14%
RussiaSevastapol
13%
TurkeySmyrna
13%
FranceGascony
12%
SeaMid-Atlantic Ocean
10%
FrancePicardy
9%
EnglandClyde
8%
SeaGulf of Lyon
6%
SeaHelgoland Bight
6%

Score Distribution

Percentile by Number Answered

Percent of People with Each Score

Your Score History

You have not taken this quiz